000 00395nam a2200157Ia 4500
008 230312s9999||||xx |||||||||||||| ||und||
020 _a81-317-0511-0
082 _a621.38
_bROD-E
100 _aRoddy,Dennis
245 0 _aElectronic Communications
260 _bPearsons/Prentice Hall
_aIndia
_c2009
300 _a820
546 _aEng.
650 _aEngineering
_vPassive Circuits
942 _cBK
999 _c1180
_d1180